| 000 | 00875 a2200253 4500 | ||
|---|---|---|---|
| 003 | OSt | ||
| 005 | 20180116192358.0 | ||
| 008 | 120618t xxu||||| |||| 00| 0 eng d | ||
| 010 | _a 2010513481 | ||
| 020 | _a9780714856001 (hbk.) | ||
| 020 | _a0714856002 (hbk.) | ||
| 035 | _a(OCoLC)ocn277068673 | ||
| 040 | _c0 | ||
| 082 | 0 | 4 | _a724.7 |
| 100 | 1 |
_aWatson, Sally. _94754 |
|
| 245 | 1 | 0 |
_aBuilding the new millenium : _barchitecture at the start of the 21st century / _c[text by Sally Watson and Justine Sambrook ; designed by Hans Stofregen]. |
| 260 |
_aLondon ; _aNew York : _bPhaidon, _c2009. |
||
| 300 |
_a159 p. : _bill. ; _c30 cm. |
||
| 500 | _aIncludes index. | ||
| 650 | 1 | 0 |
_aArchitecture, Modern _y21st century. _94755 |
| 700 | 1 |
_aSambrook, Justine. _94756 |
|
| 942 |
_aSADA _cBK _k724.7 WAT 2009 _2ddc |
||
| 999 |
_c353220 _d353220 |
||